[Event "CZE-ch U16 Girls"]
[Site "Kouty nad Desnou"]
[Date "2017.03.18"]
[Round "9"]
[White "Bohunovska, Tereza"]
[Black "Vitova, Anna"]
[Result "0-1"]
[WhiteElo "1048"]
[BlackElo "1726"]
[PlyCount "66"]
[EventDate "2017.03.11"]
[EventType "swiss"]
[EventRounds "9"]
[EventCountry "CZE"]
[SourceTitle "CBM 177 Extra"]
[Source "ChessBase"]
[SourceDate "2017.04.27"]
[SourceVersion "1"]
[SourceVersionDate "2017.04.27"]
[SourceQuality "1"]

1. e4 c5 2. Nf3 d6 3. d4 cxd4 4. Nxd4 Nf6 5. Nc3 a6 6. Be3 e6 7. f4 Qc7 8. Be2 Be7 9. 0-0 0-0 10. Nb3 b5 11. a3 Bb7 12. Bf3 Nbd7 13. Qd2 Rac8 14. Rac1 Rfd8 15. Rfd1 Nb6 16. Qe2 Nc4 17. Rb1 Nxa3 18. bxa3 Qxc3 19. Bd4 Qxc2 20. Qxc2 Rxc2 21. e5 Nd5 22. g3 dxe5 23. fxe5 Bxa3 24. Be4 Rcc8 25. Ra1 Bb4 26. Rdc1 g6 27. g4 Nf4 28. Bxb7 Rxc1+ 29. Nxc1 Rxd4 30. Nb3 Rd3 31. Rb1 a5 32. Be4 Re3 33. Bc2 Rxe5 0-1

[Event "CZE-ch U16 Girls"]
[Site "Kouty nad Desnou"]
[Date "2017.03.15"]
[Round "6"]
[White "Bohunovska, Tereza"]
[Black "Obsivacova, Jana"]
[Result "0-1"]
[WhiteElo "1048"]
[BlackElo "1148"]
[PlyCount "64"]
[EventDate "2017.03.11"]
[EventType "swiss"]
[EventRounds "9"]
[EventCountry "CZE"]
[SourceTitle "CBM 177 Extra"]
[Source "ChessBase"]
[SourceDate "2017.04.27"]
[SourceVersion "1"]
[SourceVersionDate "2017.04.27"]
[SourceQuality "1"]

1. e4 e5 2. Nf3 Nc6 3. Bb5 f5 4. d3 d6 5. Be3 Bd7 6. Bxc6 Bxc6 7. d4 f4 8. d5 Bd7 9. Bc1 Nf6 10. Nbd2 Be7 11. 0-0 0-0 12. b3 Bg4 13. h3 Bh5 14. Bb2 Qe8 15. Qe2 c5 16. a3 a5 17. c3 a4 18. b4 b6 19. b5 Qg6 20. Nh4 Qe8 21. Qd3 Qd8 22. g3 fxg3 23. fxg3 Nd7 24. g4 Bxh4 25. gxh5 Qg5+ 26. Kh2 Qxh5 27. Nc4 Rf6 28. Qd2 Raf8 29. Qg2 Rg6 30. Qd2 Bg3+ 31. Kh1 Qxh3+ 32. Kg1 Bf2# 0-1